000 00630nam a22001937a 4500
999 _c22549
_d22549
003 AR-CdUCM
008 190423b ||||| |||| 00| 0 spa d
020 _a9788408173212
040 _aMUNICIPALIDAD PROVINCIAL DEL CUSCO
_cBIBLIOTECA MUNICIPAL DEL CUSCO
082 _aSI/808.83/C714
_bC714
100 _aCollodi, Carlo
_931291
245 _aLas aventuras de Pinocho /
_cCarlo Collodi, traducción Antonio Colinas
260 _aBarcelona :
_bPlaneta,
_bAustral,
_c2017.
300 _a237 páginas. :
_c18 cm.
650 _aCuentos infantiles italianos
_948483
650 _aCuentos
_948480
942 _2ddc
_cLIBROS
945 _arac